Score 0/20 Timer 10:00
0 Plays Today
Hint Answer % Correct
Marley was deadto begin with
74.5%
God bless usevery one
70.9%
If they would rather diethey had better do it and decrease the surplus population
61.8%
I will honour Christmasin my heart
61.4%
Hard and sharp as flintsolitary as an oyster
55.4%
A solitary childneglected by his friends
53.4%
May you be happy in the life you have chosen
48.6%
The phantom slowlygravely, silently approached'
45.4%
The treadmill and the poor laware in full vigour then?
43%
A solemn phantomdraped and hooded
43%
Hint Answer % Correct
His face wasruddy and handsome, his eyes sparkled
40.2%
Scrooge had a very small firebut the clerk's fire was so very much smaller
39.8%
from the crown of its headthere sprung a bright clear jet of light
34.7%
It was a strange figurelike a child, yet not so like a child as like an old man
33.1%
Always a delicate creaturewhom a breath might have withered
33.1%
How it bared its breadth of breastand opened its capacious palm
31.1%
Though it has never put a scrap of gold or silver in my pocketI believe that it has done me good, and will do me good
29.9%
They were happygrateful, pleased with one another, and contented with the time
28.3%
He laughed all over himselffrom his shoes to his organ of benevolence
27.9%
Girded round its middle was an antique scabbardbut no sword was in it, and the ancient sheath was eaten up with rust
25.9%
Remove Ads.
Support Sporcle.
Get the best of Sporcle when you Go Orange. This ad-free experience offers more features, more stats, and more fun while also helping to support Sporcle. Thank you for becoming a member.

You're not logged in!

Compare scores with friends on all Sporcle quizzes.
OR
Log In

Show Comments

Extras

Top Quizzes Today


Score Distribution

Your Account Isn't Verified!

In order to create a playlist on Sporcle, you need to verify the email address you used during registration. Go to your Sporcle Settings to finish the process.

Report this User

Report this user for behavior that violates our Community Guidelines.

Details: